| 000 | 00425nam a2200133Ia 4500 | ||
|---|---|---|---|
| 008 | 200909s9999 xx 000 0 und d | ||
| 020 | _a978-621-95242-5-4 | ||
| 100 | _aDomingo, Andrix D. | ||
| 245 |
_cAndrix D. Domingo _aObligations and contracts: _blaws, principles and jurisprudence/ |
||
| 260 |
_aQuezon City: _bREX Bookstore _c2018 |
||
| 300 |
_a604 pages _c23 cm. |
||
| 650 | _aConstitutional law | ||
| 650 | _aPhilippines | ||
| 999 |
_c364145 _d364145 |
||